Estudio básico para la obtención de la trementina
Salvato in:
| Autore principale: | |
|---|---|
| Natura: | Libro |
| Pubblicazione: |
San José, Costa Rica
1988
|
| Soggetti: | |
| Tags: |
Aggiungi Tag
Nessun Tag, puoi essere il primo ad aggiungerne!!
|
MARC
| LEADER | 00000nam a2200000Ia 4500 | ||
|---|---|---|---|
| 003 | 004465 | ||
| 005 | 20221231144342.0 | ||
| 008 | 140114s1988 cr a m 000 ||s d | ||
| 040 | |c cru CEDI | ||
| 090 | |a TFG 2157 | ||
| 100 | |a Ramírez Alfaro, Emilia María |9 13506 | ||
| 245 | |a Estudio básico para la obtención de la trementina | ||
| 260 | |c 1988 |a San José, Costa Rica | ||
| 300 | |a ii, 115 hojas : ilustraciones ; 28 cm | ||
| 500 | |a Proyecto de graduación(licenciatura en ingeniería química)--Universidad de Costa Rica. Facultad de Ingeniería. Escuela de Ingeniería Química | ||
| 650 | |x DISOLVENTES |9 13507 | ||
| 942 | |c TFG | ||
| 999 | |c 20593 |d 20593 | ||
